5HLuxD.jpg

KING HENRY VIII SENIOR AND PRIMARY SCHOOL LIBRARY OPAC

Sound (Record no. 6147)

000 -LEADER
fixed length control field 00664nam a22001937a 4500
005 - DATE AND TIME OF LATEST TRANSACTION
control field 20260317160122.0
008 - FIXED-LENGTH DATA ELEMENTS--GENERAL INFORMATION
fixed length control field 260317b ||||| |||| 00| 0 eng d
020 ## - INTERNATIONAL STANDARD BOOK NUMBER
International Standard Book Number 9781515709725
040 ## - CATALOGING SOURCE
Transcribing agency KH8
082 ## - DEWEY DECIMAL CLASSIFICATION NUMBER
Classification number 534
100 ## - MAIN ENTRY--PERSONAL NAME
Personal name Dunne,Abbie
Relator term Author
245 ## - TITLE STATEMENT
Title Sound
260 ## - PUBLICATION, DISTRIBUTION, ETC.
Place of publication, distribution, etc. 1710 Roe Crest Drive,North Mankato,Minnesota 56003
Name of publisher, distributor, etc. Capstone Press
Date of publication, distribution, etc. ©2017
300 ## - PHYSICAL DESCRIPTION
Extent 24 pages
Other physical details Colour illustration
Dimensions 27cm x 23cm
520 ## - SUMMARY, ETC.
Summary, etc. How do musical instruments make sounds? How do we hear sounds? Science has the answer! Learn all about the amazing world world of sound.
650 ## - SUBJECT ADDED ENTRY--TOPICAL TERM
Source of heading or term Juvenile Non Fiction
Topical term or geographic name entry element Science
655 ## - INDEX TERM--GENRE/FORM
Genre/form data or focus term Science
942 ## - ADDED ENTRY ELEMENTS (KOHA)
Source of classification or shelving scheme
Koha item type Books - Non Ficton
Holdings
Withdrawn status Lost status Source of classification or shelving scheme Damaged status Not for loan Collection code Permanent Location Current Location Shelving location Date acquired Full call number Barcode Date last seen Price effective from Koha item type Public note
          Non-Fiction KH8 Primary School Library KH8 Primary School Library Non Fiction 2026-03-17 534 DUN 3KHPL000002387 2026-03-17 2026-03-17 Books - Non Ficton PRIMARY LIBRARY

Powered By KH8 IT Dept